Tout les modèles Mercedes AMG - Statistiques

Statistiques générales
  • Ce quiz a été pris 607 fois
    392 depuis la dernière actualisation
  • Le résultat moyen est 11 sur 31
Statistiques - réponses
Années de production Motorisation Puissance Modèle % Correct
1993 - Maintenant I4 2.0 T I4 2.0 T H I5 3.0 T I6 3.6 V6 3.0 TT V6 3.2 C V8 4.0 TT V8 4.3 V8 5.4 V8 6.2 231 ~ 680 ch C AMG (30CDI, 32, 36, 43, 55, 63, 63 S, 63 Black Series, 63 Edition 507, 63 S E-Performance, 63 PPP)
91%
2013 - Maintenant I4 2.0 T 306 ~ 421 ch A AMG (35, 45, 45 S)
80%
1979 - Maintenant I6 3.0 TI6 3.0 T H I6 3.6 V6 3.0 TT V8 4.0 TT V8 5.0 V8 5.4 V8 5.4 C V8 5.5 V8 5.5 TT V8 6.2 160 ~ 612 ch E AMG (36, 43, 50, 53, 53 Hybrid, 55, 60, 63, 63 PP, 63 S)
76%
2015 - Maintenant I4 2.0 T V8 4.0 TT 421 ~ 730 ch GT AMG (Black Series, C, R, S, 43, 55, 63)
68%
1983 - Maintenant V8 4.0 TT V8 5.0 V8 5.4 V8 5.4 C V8 5.5 TT V8 6.0 V8 6.2 V12 6.0 TT V12 6.3 360 ~ 802 ch S AMG (55, 63, 63 PP, 63 S, 63 S E-Performance, 65)
66%
2004 - Maintenant V8 4.0 TT V8 5.4 C V8 5.5 TT V12 6.0 TT 476 ~ 630 ch G AMG (55, 63, 65)
63%
2010 - 2014 V8 6.2 571 ~ 631 ch SLS AMG (GT, Black Series)
49%
2022 - Maintenant V6 1.6 T H 1063 ch AMG Project ONE
45%
2016 - Maintenant I4 2.0 T H V6 3.0 TT V8 4.0 TT 367 ~ 680 ch GLC AMG (43, 63, 63 S, 63 S E-Performance)
43%
2015 - Maintenant I6 3.0 T I6 3.0 T H V6 3.0 TT V8 4.0 TT V8 5.5 TT 367 ~ 612 ch GLE AMG (43, 53, 53 Hybrid, 63, 63 S)
43%
1991 - Maintenant I4 2.0 T V8 4.0 TT V8 4.0 TT H V8 5.4 V8 5.4 C V8 5.5 TT V8 6.0 V8 6.2 V12 6.0 TT V12 7.1 V12 7.3 354 ~ 816 ch SL AMG, 43, 55, 60, 63, 63 PP, 63 S E-Performance, 65, 65 Black Series, 70, 73)
41%
2013 - Maintenant I4 2.0 T 306 ~ 421 ch CLA AMG (35, 45, 45 S)
39%
2004 - 2023 I6 3.0 T V8 5.4 C V8 5.5 TT V8 6.2 435 ~ 585 ch CLS AMG (53, 55, 63, 63 PP, 63 S)
38%
2004 - 2009 V8 5.4 C 626 ~ 650 ch SLR McLaren (722, Stirling Moss)
34%
2014 - Maintenant I4 2.0 T 306 ~ 421 ch GLA AMG (35, 45, 45 S)
31%
2007 - 2008 V8 6.2 510 ch R AMG (63)
28%
2001 - 2015 V8 5.4 V8 5.5 TT V8 6.2 347 ~ 525 ch ML AMG (55, 63)
25%
1982 - 1993 V8 5.0 V8 6.0 276 ~ 385 ch W126 / W129 (500, 560)
24%
2018 - Maintenant I6 3.0 T V8 4.0 TT V8 4.0 TT H 367 ~ 843 ch GT 4 Portes AMG (43, 53, 63, 63 S, 63 S E-Performance)
22%
1983 - 1993 I4 2.3 I6 3.2 150 ~ 245 ch 190 AMG (W201)
19%
1998 - 2009 V8 5.4 V8 5.4 C V8 6.2 347 ~ 582 ch CLK AMG (55, 63, 63 Black Series, DTM)
19%
2013 - 2016 V8 5.5 TT 557 ch GL AMG (63)
19%
2000 - 2013 V8 5.4 V8 5.4 C V8 5.5 TT V8 6.2 V12 6.0 TT 360 ~ 612 ch CL AMG (55, 63, 63 PP, 65)
18%
1979 - 1993 I4 2.3 I6 2.7 I6 3.2 V8 5.6 V8 6.0 160 ~ 385 ch W123 / W124 (230, 280, 300)
18%
2001 - 2010 V6 3.2 C V8 5.4 354 ~ 400 ch SLK AMG (32, 55, 55 Black Series)
16%
2020 - Maintenant I4 2.0 T 306 ch GLB AMG (35)
14%
2023 - Maintenant I6 3.0 T 449 ch CLE AMG (53)
13%
2022 - Maintenant Électrique 476 ~ 687 ch EQE AMG (43, 53, 53 Dynamic+)
10%
2022 - Maintenant Électrique 658 ~ 761 ch EQS AMG (53, 53 Dynamic +)
10%
1997 - 1998 V12 6.9 612 ch CLK GTR
7%
2016 - 2018 V6 3.0 TT 367 ch SLC AMG (43)
4%
Aucun quiz correspondant
Distribution des résultats
% des personnes avec chaque résultat
Percentile par nombre de réponses
Votre historique - résultats
Vous n’avez pas pris ce quiz depuis la dernière actualisation